| 000 | 00555nam a2200181Ia 4500 | ||
|---|---|---|---|
| 008 | 151018s9999 xx 000 0 und d | ||
| 082 |
_bRBASDV48007 _a294.5922 |
||
| 100 | _aराज शिवहरे | ||
| 245 | _aरामायण दर्शिका | ||
| 250 | _b1 | ||
| 260 |
_bपाथेय _c2008 |
||
| 300 | _a64 | ||
| 600 | _aराज शिवहरे | ||
| 630 | _aरामायण दर्शिका | ||
| 700 | _aराज शिवहरे | ||
| 730 | _aरामायण दर्शिका | ||
| 942 | _cBOOK | ||
| 999 |
_c1047137 _d1047134 |
||